Textbook of Oral & Maxillofacial Surgery (Record no. 20860)

MARC details
000 -LEADER
fixed length control field 00367nam a22001577a 4500
003 - CONTROL NUMBER IDENTIFIER
control field SGT
020 ## - INTERNATIONAL STANDARD BOOK NUMBER
International Standard Book Number 978-8131248744
082 ## - DEWEY DECIMAL CLASSIFICATION NUMBER
Classification number 617.525
Item number T20B
100 ## - MAIN ENTRY--PERSONAL NAME
Personal name S. M. Balaji
245 ## - TITLE STATEMENT
Title Textbook of Oral & Maxillofacial Surgery
250 ## - EDITION STATEMENT
Edition statement 3RD
260 ## - PUBLICATION, DISTRIBUTION, ETC. (IMPRINT)
Place of publication, distribution, etc NEW DELHI
Name of publisher, distributor, etc Elsevier India
Year of Publication 2020
300 ## - PAGE DESCRIPTION
No. of Pages 1-1203
650 ## - SUBJECT ADDED ENTRY--TOPICAL TERM
Topical term or geographic name as entry element ORAL SURGERY
942 ## - ADDED ENTRY ELEMENTS (KOHA)
Source of classification or shelving scheme Dewey Decimal Classification
Koha item type Books
942 ## - ADDED ENTRY ELEMENTS (KOHA)
-- 72
Holdings
Withdrawn status Lost status Source of classification or shelving scheme Damaged status Not for loan Home library Current library Shelving location Date acquired Vendor Name Cost, normal purchase price SGTU Bill Number Total Checkouts Full call number Accession No. (Barcode) Date last seen Date last borrowed Bill Date Koha item type
    Dewey Decimal Classification     SGT Dental Library SGT Dental Library Text Book 03/03/2021 AHUJA BOOK COMPANY 1520.00 SGTU 12616 28 617.525 T20B FD8194 12/12/2025 05/12/2025 27/01/2021 Books
    Dewey Decimal Classification     SGT Dental Library SGT Dental Library Text Book 03/03/2021 AHUJA BOOK COMPANY 1520.00 SGTU 12616 34 617.525 T20B FD8195 13/09/2025 13/09/2025 27/01/2021 Books
    Dewey Decimal Classification     SGT Dental Library SGT Dental Library Text Book 03/03/2021 AHUJA BOOK COMPANY 1520.00 SGTU 12616 20 617.525 T20B FD8196 21/07/2023 06/07/2023 27/01/2021 Books